Humjnsi (Record no. 1191565)

MARC details
000 -LEADER
fixed length control field 00730nam a2200253Ia 4500
003 - CONTROL NUMBER IDENTIFIER
control field OSt
005 - DATE AND TIME OF LATEST TRANSACTION
control field 20221007110845.0
008 - FIXED-LENGTH DATA ELEMENTS--GENERAL INFORMATION
fixed length control field 221006b |||||||| |||| 00| 0 eng d
037 ## - SOURCE OF ACQUISITION
Terms of availability Textual
040 ## - CATALOGING SOURCE
Original cataloging agency LCO
Transcribing agency LCO
Language of cataloging eng
041 ## - LANGUAGE CODE
Source of code eng
Language code of text/sound track or separate title eng
100 ## - MAIN ENTRY--PERSONAL NAME
Personal name Fernandez Bina Ed.
9 (RLIN) 707917
245 #0 - TITLE STATEMENT
Title Humjnsi
Remainder of title A Resource Book on Lesbian, Gay and Bisexual Rights in India
260 ## - PUBLICATION, DISTRIBUTION, ETC.
Place of publication, distribution, etc. Mumbai
Name of publisher, distributor, etc. India Centre for Human Rights and Law India
Date of publication, distribution, etc. 1999
300 ## - PHYSICAL DESCRIPTION
Extent 248
650 ## - SUBJECT ADDED ENTRY--TOPICAL TERM
Topical term or geographic name entry element BISEXUAL RIGHTS
9 (RLIN) 707918
650 ## - SUBJECT ADDED ENTRY--TOPICAL TERM
Topical term or geographic name entry element LESBIAN
9 (RLIN) 707919
942 ## - ADDED ENTRY ELEMENTS (KOHA)
Classification part YoaZ, P2
Koha item type Textual
Holdings
Withdrawn status Lost status Damaged status Not for loan Home library Current library Date acquired Total Checkouts Full call number Barcode Date last seen Price effective from Koha item type
        Law Centre-I Library Law Centre-I Library 2022-10-07   YoaZ P2 LO1367502 2022-10-07 2022-10-07 Textual
Copyright @ Delhi University Library System